[Event "AUS-ch U18 Girls"]
[Site "Mooroolbark"]
[Date "2011.01.21"]
[Round "5"]
[White "Narenthran, Savithri"]
[Black "Eustace, Sophie"]
[Result "1/2-1/2"]
[WhiteElo "1162"]
[BlackElo "1503"]
[PlyCount "99"]
[EventDate "2011.01.15"]
[EventType "tourn"]
[EventRounds "7"]
[EventCountry "AUS"]
[SourceTitle "EXT 2013"]
[Source "ChessBase"]
[SourceDate "2012.11.22"]
[SourceVersion "1"]
[SourceVersionDate "2012.11.22"]
[SourceQuality "1"]

1. e4 c5 2. Nf3 Nc6 3. Bb5 e6 4. Bxc6 dxc6 5. d3 Nf6 6. Nc3 Qc7 7. Be3 b6 8. Qd2 Be7 9. Bf4 Qb7 10. 0-0 0-0 11. Qe2 b5 12. a3 b4 13. Nd1 a5 14. Ne3 Nh5 15. Bg5 Bxg5 16. Nxg5 Nf4 17. Qf3 e5 18. g3 Nh3+ 19. Nxh3 Bxh3 20. Rfe1 Be6 21. Nf5 f6 22. Qe3 Qa7 23. axb4 cxb4 24. Qxa7 Rxa7 25. b3 Rd8 26. f3 Kf7 27. Ne3 g6 28. f4 Rda8 29. Kf2 a4 30. bxa4 Rxa4 31. Rxa4 Rxa4 32. Rb1 Ke7 33. fxe5 fxe5 34. Rb2 Kd6 35. Nf1 Kc5 36. Ke3 Ra2 37. Rxa2 Bxa2 38. Nd2 Kd6 39. Nf3 c5 40. Ng5 h6 41. Nf3 g5 42. g4 b3 43. cxb3 Bxb3 44. Kd2 c4 45. dxc4 Bxc4 46. h4 Be6 47. hxg5 hxg5 48. Nxg5 Bxg4 49. Nf7+ Ke6 50. Nxe5 1/2-1/2

[Event "AUS-ch U18 Girls"]
[Site "Mooroolbark"]
[Date "2011.01.20"]
[Round "4"]
[White "Eustace, Sophie"]
[Black "Narenthran, Janaki"]
[Result "1-0"]
[WhiteElo "1503"]
[BlackElo "834"]
[PlyCount "117"]
[EventDate "2011.01.15"]
[EventType "tourn"]
[EventRounds "7"]
[EventCountry "AUS"]
[SourceTitle "EXT 2013"]
[Source "ChessBase"]
[SourceDate "2012.11.22"]
[SourceVersion "1"]
[SourceVersionDate "2012.11.22"]
[SourceQuality "1"]

1. e4 e5 2. Nf3 Nc6 3. Bc4 Bc5 4. Nc3 Nf6 5. d3 h6 6. a3 0-0 7. h3 a6 8. 0-0 d6 9. Re1 Be6 10. Bxe6 fxe6 11. Be3 Nd4 12. Bxd4 Bxd4 13. Nxd4 exd4 14. Ne2 e5 15. c3 dxc3 16. bxc3 b6 17. f4 Nh5 18. fxe5 dxe5 19. d4 Qg5 20. dxe5 Rad8 21. Nd4 Nf4 22. Qg4 Qxg4 23. hxg4 Rde8 24. e6 Nxe6 25. Rad1 Nc5 26. e5 Ne6 27. Nxe6 Rxe6 28. Rd4 Rfe8 29. Rde4 Rd8 30. Kf2 Rd3 31. R1e3 Rd8 32. Ke2 c5 33. Rd3 Rxd3 34. Kxd3 Re8 35. Kc4 Rd8 36. e6 Re8 37. e7 Kf7 38. Kd5 Rxe7 39. Rxe7+ Kxe7 40. Kc6 c4 41. Kxb6 Kd6 42. Kxa6 Kc6 43. Ka5 g6 44. Kb4 Kd5 45. a4 Ke4 46. Kxc4 Kf4 47. a5 Kxg4 48. a6 h5 49. a7 Kg3 50. a8Q g5 51. Qf3+ Kh2 52. Qh3+ Kg1 53. Qxh5 Kxg2 54. Qxg5+ Kf1 55. Qd2 Kg1 56. Kd4 Kf1 57. Ke3 Kg1 58. Kf3 Kf1 59. Qf2# 1-0

[Event "Sydney op-B"]
[Site "Parramatta"]
[Date "2010.04.07"]
[Round "1"]
[White "Eustace, Sophie"]
[Black "Ansell, John"]
[Result "1-0"]
[WhiteElo "1843"]
[BlackElo "1321"]
[PlyCount "85"]
[EventDate "2010.04.07"]
[EventType "swiss"]
[EventRounds "9"]
[EventCountry "AUS"]
[SourceTitle "EXT 2012"]
[Source "ChessBase"]
[SourceDate "2011.11.24"]
[SourceVersion "1"]
[SourceVersionDate "2011.11.24"]
[SourceQuality "1"]

1. e4 d6 2. d4 Nf6 3. Nc3 g6 4. Nf3 Bg7 5. h3 0-0 6. Bc4 Nxe4 7. Nxe4 d5 8. Bd3 dxe4 9. Bxe4 c5 10. dxc5 Qa5+ 11. Qd2 Qxc5 12. c3 Nc6 13. Qe3 Qd6 14. 0-0 Be6 15. Qf4 Qd7 16. Be3 Rfd8 17. Bc2 Bd5 18. Rfd1 e6 19. c4 Bxb2 20. Rab1 Bg7 21. cxd5 exd5 22. Bb3 d4 23. Bc1 Qe7 24. Bb2 Qf6 25. Qg4 Qd6 26. Ng5 Rd7 27. Ne4 Qc7 28. Rbc1 Rad8 29. Qf3 Qb8 30. Nf6+ Bxf6 31. Qxf6 Qd6 32. Qxd6 Rxd6 33. Ba3 R6d7 34. Ba4 Rc8 35. Rd3 a6 36. Bb2 b5 37. Bb3 Rcd8 38. Rxc6 a5 39. Rb6 a4 40. Bd1 Rd5 41. Bf3 Rc5 42. Rxd4 Rxd4 43. Bxd4 1-0

[Event "Doeberl Cup Minor 48th"]
[Site "Canberra"]
[Date "2010.04.03"]
[Round "3"]
[White "Jochimsen, Erik"]
[Black "Eustace, Sophie"]
[Result "0-1"]
[WhiteElo "1164"]
[BlackElo "1451"]
[PlyCount "46"]
[EventDate "2010.04.02"]
[EventType "swiss"]
[EventRounds "7"]
[EventCountry "AUS"]
[SourceTitle "EXT 2012"]
[Source "ChessBase"]
[SourceDate "2011.11.24"]
[SourceVersion "1"]
[SourceVersionDate "2011.11.24"]
[SourceQuality "1"]

1. d4 d5 2. e3 Bf5 3. Bd3 Bxd3 4. cxd3 Nf6 5. Ne2 e6 6. Ng3 Nbd7 7. 0-0 Be7 8. Nd2 c5 9. dxc5 Nxc5 10. d4 Ncd7 11. a3 Rc8 12. h3 Qc7 13. b4 0-0 14. Nb3 Bd6 15. f4 b6 16. Bd2 Qc4 17. Nc1 Rc7 18. Nce2 Rfc8 19. Nc3 Qd3 20. Rc1 Rxc3 21. Rxc3 Rxc3 22. Qe2 Qxe2 23. Nxe2 Rc2 0-1

[Event "Adelaide Labour Day op"]
[Site "Adelaide"]
[Date "2009.10.03"]
[Round "3"]
[White "Eustace, Sophie"]
[Black "Barber, Geoffrey"]
[Result "1/2-1/2"]
[WhiteElo "1489"]
[BlackElo "1524"]
[PlyCount "94"]
[EventDate "2009.10.03"]
[EventType "swiss"]
[EventRounds "6"]
[EventCountry "AUS"]
[SourceTitle "EXT 2023"]
[Source "ChessBase"]
[SourceDate "2022.10.05"]
[SourceVersion "1"]
[SourceVersionDate "2022.10.05"]
[SourceQuality "1"]

1. e4 d5 2. exd5 Nf6 3. d4 Bg4 4. Nf3 c6 5. Nc3 cxd5 6. Bf4 Nc6 7. Be2 e6 8. Ne5 Bxe2 9. Nxe2 Bd6 10. 0-0 Qc7 11. Nxc6 bxc6 12. Bxd6 Qxd6 13. f3 0-0 14. Qd3 c5 15. Rfd1 c4 16. Qd2 Rab8 17. Rab1 Rb7 18. b3 Rfb8 19. Nc3 Qc6 20. Kh1 cxb3 21. cxb3 Rc8 22. Rdc1 Rbc7 23. Ne2 Qb6 24. Rxc7 Rxc7 25. Rc1 Rxc1+ 26. Qxc1 g6 27. Qc3 Kg7 28. Nc1 Ne8 29. Nd3 Nd6 30. Nc5 Qb5 31. Qd3 Qxd3 32. Nxd3 Nb5 33. Kg1 Nxd4 34. Kf2 f6 35. f4 Kf7 36. g4 Ke7 37. Nb4 Kd6 38. Ke3 e5 39. g5 Nf5+ 40. Kf3 fxg5 41. fxe5+ Kc5 42. Nc2 d4 43. Ke4 a5 44. a3 h5 45. b4+ axb4 46. axb4+ Kc4 47. e6 Kc3 1/2-1/2

[Event "Adelaide Interclub-A"]
[Site "Adelaide"]
[Date "2009.06.30"]
[Round "9.3"]
[White "Eustace, Sophie"]
[Black "Paprzycki, Eryk"]
[Result "0-1"]
[WhiteElo "1524"]
[BlackElo "1556"]
[PlyCount "112"]
[EventDate "2009.05.05"]
[EventType "team-tourn"]
[EventRounds "9"]
[EventCountry "AUS"]
[SourceTitle "EXT 2023"]
[Source "ChessBase"]
[SourceDate "2022.10.05"]
[SourceVersion "1"]
[SourceVersionDate "2022.10.05"]
[SourceQuality "1"]

1. e4 c5 2. Nf3 d6 3. d4 cxd4 4. Nxd4 Nf6 5. Nc3 a6 6. Be2 e6 7. Be3 Qc7 8. 0-0 Nbd7 9. Qd2 b5 10. a3 Bb7 11. f3 Be7 12. Rac1 0-0 13. Rfd1 Rfd8 14. Bf1 Ne5 15. Qf2 Nc4 16. Bxc4 Qxc4 17. Nb3 Nd7 18. Na5 Qc7 19. Nxb7 Qxb7 20. Kh1 Rac8 21. f4 b4 22. axb4 Qxb4 23. Rb1 Nf6 24. Qf3 Nd7 25. g4 Qb7 26. Rf1 Bf6 27. Bd2 Rc4 28. b3 Rc7 29. Rbe1 Rdc8 30. Re3 Qb4 31. Nb1 Qb5 32. c4 Qb6 33. Rfe1 Nc5 34. e5 dxe5 35. fxe5 Bh4 36. Rf1 Rd7 37. b4 Nb7 38. c5 Qc7 39. Bc3 Nd8 40. Nd2 Bg5 41. Re2 Bxd2 42. Bxd2 Nc6 43. Bc3 Rcd8 44. Re3 Nd4 45. Bxd4 Rxd4 46. Re4 R4d5 47. h4 R8d7 48. h5 h6 49. Qf4 Qb7 50. Qf3 a5 51. bxa5 Rxc5 52. Re3 Rxa5 53. Qxb7 Rxb7 54. Kg2 Rb4 55. Kg3 Raa4 56. Kf3 Rxg4 0-1

[Event "Adelaide Interclub-A"]
[Site "Adelaide"]
[Date "2009.06.02"]
[Round "5.3"]
[White "Miletic, Savo"]
[Black "Eustace, Sophie"]
[Result "1/2-1/2"]
[WhiteElo "1438"]
[BlackElo "1524"]
[PlyCount "130"]
[EventDate "2009.05.05"]
[EventType "team-tourn"]
[EventRounds "9"]
[EventCountry "AUS"]
[SourceTitle "EXT 2023"]
[Source "ChessBase"]
[SourceDate "2022.10.05"]
[SourceVersion "1"]
[SourceVersionDate "2022.10.05"]
[SourceQuality "1"]

1. d4 d5 2. Bf4 Nf6 3. Nf3 c6 4. c3 h6 5. e3 Bf5 6. Nbd2 e6 7. Qb3 b6 8. Be2 Bd6 9. Bg3 Qc7 10. Rc1 Nbd7 11. c4 Bxg3 12. hxg3 Qd6 13. Nh4 Bh7 14. Qc3 Ne4 15. Qb3 Ndf6 16. a3 Nxd2 17. Kxd2 Ne4+ 18. Ke1 dxc4 19. Qxc4 Rc8 20. Nf3 0-0 21. Bd3 c5 22. Ke2 Rcd8 23. dxc5 Nxg3+ 24. fxg3 Bxd3+ 25. Kf2 bxc5 26. Qxc5 Qxc5 27. Rxc5 Rb8 28. b4 Rb7 29. Ne5 Be4 30. Rd1 f6 31. Nc4 Bd5 32. Na5 Re7 33. Rd4 Ba8 34. b5 e5 35. Rd6 Rfe8 36. Nc4 Bb7 37. a4 Kf7 38. a5 Rc8 39. Rxc8 Bxc8 40. Rc6 Bb7 41. Nd6+ Kf8 42. Nxb7 Rxb7 43. b6 axb6 44. Rxb6 Ra7 45. a6 Ke8 46. Rb8+ Kd7 47. Rb6 Kc7 48. Re6 Kd7 49. Rb6 Kc7 50. Rb2 Rxa6 51. Kf3 Ra4 52. Rd2 Ra6 53. Ke4 g6 54. g4 Ra4+ 55. Kf3 Ra6 56. g3 Rd6 57. Rh2 Kd7 58. Rxh6 f5 59. Rh7+ Ke6 60. Rh8 Kf6 61. Re8 fxg4+ 62. Kxg4 Rd3 63. Kf3 Kf5 64. Rf8+ Ke6 65. g4 Ke7 1/2-1/2

[Event "Adelaide Interclub-A"]
[Site "Adelaide"]
[Date "2009.05.19"]
[Round "3.3"]
[White "Cooke, Tristrom"]
[Black "Eustace, Sophie"]
[Result "1/2-1/2"]
[WhiteElo "1552"]
[BlackElo "1524"]
[PlyCount "46"]
[EventDate "2009.05.05"]
[EventType "team-tourn"]
[EventRounds "9"]
[EventCountry "AUS"]
[SourceTitle "EXT 2023"]
[Source "ChessBase"]
[SourceDate "2022.10.05"]
[SourceVersion "1"]
[SourceVersionDate "2022.10.05"]
[SourceQuality "1"]

1. e4 c5 2. Bc4 e6 3. Nf3 Nc6 4. Nc3 a6 5. d4 cxd4 6. Nxd4 Nf6 7. 0-0 Be7 8. Nxc6 bxc6 9. e5 Nd5 10. Qg4 g6 11. Bxd5 cxd5 12. f4 Bb7 13. Be3 Rc8 14. Bd4 Bc5 15. Bxc5 Rxc5 16. Rf2 d4 17. Na4 Rd5 18. c4 dxc3 19. Nxc3 Rd4 20. Rd1 Rxd1+ 21. Qxd1 0-0 22. Rd2 Qb6+ 23. Kh1 Rd8 1/2-1/2

[Event "Adelaide SA-ch cand"]
[Site "Adelaide"]
[Date "2007.02.20"]
[Round "3"]
[White "Mading, John Thon"]
[Black "Eustace, Sophie"]
[Result "1-0"]
[WhiteElo "1205"]
[BlackElo "1427"]
[PlyCount "75"]
[EventDate "2007.02.06"]
[EventType "swiss"]
[EventRounds "6"]
[EventCountry "AUS"]
[SourceTitle "EXT 2010"]
[Source "ChessBase"]
[SourceDate "2010.11.25"]
[SourceVersion "1"]
[SourceVersionDate "2010.11.25"]
[SourceQuality "1"]

1. d4 d5 2. c3 Nf6 3. Nf3 Bf5 4. g3 h6 5. Bg2 Nbd7 6. Qb3 Nb6 7. Ne5 e6 8. Be3 Ng4 9. Nxg4 Bxg4 10. Nd2 Bd6 11. Nf3 Rb8 12. Nh4 Nc4 13. Bc1 a6 14. h3 Bh5 15. e4 Be7 16. exd5 exd5 17. Nf3 0-0 18. 0-0 Re8 19. Bf4 Bd6 20. Bxd6 Qxd6 21. Qc2 Bg6 22. Qc1 Re2 23. b3 Rc2 24. Qe1 Na3 25. Ne5 Re8 26. Qd1 Rxc3 27. Nxg6 fxg6 28. Qg4 Kh7 29. Rfe1 Rxe1+ 30. Rxe1 Rc6 31. Re8 Nb5 32. h4 h5 33. Qc8 g5 34. hxg5 Nxd4 35. Bh3 Nf3+ 36. Kg2 Nxg5 37. Rh8+ Kg6 38. Qf5# 1-0

[Event "AUS-ch U18 Girls"]
[Site "Canberra"]
[Date "2007.01.24"]
[Round "9"]
[White "Hoey, Penelope"]
[Black "Eustace, Sophie"]
[Result "0-1"]
[WhiteElo "1040"]
[BlackElo "1427"]
[PlyCount "100"]
[EventDate "2007.01.14"]
[EventType "swiss"]
[EventRounds "11"]
[EventCountry "AUS"]
[SourceTitle "EXT 2008"]
[Source "ChessBase"]
[SourceDate "2007.11.25"]
[SourceVersion "1"]
[SourceVersionDate "2007.11.25"]
[SourceQuality "1"]

1. e4 c5 2. d4 cxd4 3. c3 d3 4. c4 Nc6 5. Bxd3 e6 6. Nc3 Bb4 7. Nge2 Ne5 8. 0-0 d6 9. a3 Bc5 10. Nf4 Nxd3 11. Nxd3 Bb6 12. Qf3 Bc7 13. Rd1 a6 14. Be3 Qf6 15. Qf4 b6 16. c5 bxc5 17. Nxc5 Qxf4 18. Bxf4 e5 19. Nd5 Bd8 20. Bg3 dxc5 21. Bxe5 f6 22. Bc7 Bb7 23. Nb6 Bxc7 24. Nxa8 Bxa8 25. Rac1 Ne7 26. Rxc5 Be5 27. Rdc1 0-0 28. Ra5 Bxe4 29. Rxa6 Rb8 30. b4 Nd5 31. f3 Nf4 32. Re1 Bd4+ 33. Kh1 Bc2 34. g3 Nd3 35. Re7 Ne5 36. Rd6 Ng6 37. Rxg7+ Kxg7 38. Rxd4 Ra8 39. Rd7+ Kh6 40. Rc7 Bd1 41. Rc3 Ne5 42. Kg2 Bxf3+ 43. Rxf3 Nxf3 44. Kxf3 Rxa3+ 45. Kg4 Rb3 46. Kf5 Kg7 47. g4 Rxb4 48. g5 Rb5+ 49. Kf4 Rxg5 50. h4 Ra5 0-1

[Event "AUS-ch U18 Girls"]
[Site "Canberra"]
[Date "2007.01.19"]
[Round "5"]
[White "Eustace, Sophie"]
[Black "Behne Smith, Sarah"]
[Result "0-1"]
[WhiteElo "1427"]
[BlackElo "1209"]
[PlyCount "80"]
[EventDate "2007.01.14"]
[EventType "swiss"]
[EventRounds "11"]
[EventCountry "AUS"]
[SourceTitle "EXT 2008"]
[Source "ChessBase"]
[SourceDate "2007.11.25"]
[SourceVersion "1"]
[SourceVersionDate "2007.11.25"]
[SourceQuality "1"]

1. e4 c6 2. d4 d5 3. Nc3 dxe4 4. Nxe4 Bf5 5. Ng3 Bg6 6. h4 h6 7. h5 Bh7 8. Nf3 Nf6 9. Bd3 Bxd3 10. Qxd3 Qc7 11. Bd2 Nbd7 12. 0-0-0 0-0-0 13. c4 e6 14. Ne4 Nc5 15. Nxc5 Bxc5 16. Bc3 Ng4 17. Qc2 Bd6 18. a3 f6 19. Nh4 Rhe8 20. f3 Ne3 21. Qa4 Nxd1 22. Rxd1 Bg3 23. Ng6 b6 24. Qc2 e5 25. dxe5 Rxd1+ 26. Kxd1 fxe5 27. Qe4 Qd6+ 28. Kc2 Rd8 29. Qe2 Qc5 30. Bxe5 Re8 31. f4 Bxf4 32. Qg4+ Kb7 33. Qd7+ Ka6 34. Qxe8 Qxc4+ 35. Bc3 Qa4+ 36. Kd3 Qd1+ 37. Bd2 Qxd2+ 38. Kc4 b5+ 39. Kb3 Qd3+ 40. Kb4 Bd6# 0-1